Les Criades / de Jean Genet ; traducció de Miquel Martí i Pol ; pròleg de Joan Abellan
Descripción Física:
61 p. ; 18 cm
Colección:
Biblioteca teatral ; 29
MARC
| LEADER | 00000nam a2200000Ia 4500 | ||
|---|---|---|---|
| 001 | 2112 | ||
| 008 | 160829s1984 xx 000 0 cat d | ||
| 080 | |a L-1-218 | ||
| 100 | |a Genet, Jean |9 26305 | ||
| 245 | |a Les Criades / de Jean Genet ; traducció de Miquel Martí i Pol ; pròleg de Joan Abellan | ||
| 260 | |a Barcelona : |b Institut del Teatre de la Diputació de Barcelona : |b Edicions del Mall, |c 1984 | ||
| 300 | |a 61 p. ; |c 18 cm | ||
| 490 | |a Biblioteca teatral ; 29 | ||
| 700 | |a Martí i Pol, Miquel, |d 1929-2003 |e traductor |9 36929 | ||
| 700 | 1 | |a Abellán, Joan, |d 1946- |e autor del pròleg |9 30606 | |
| 710 | 1 | |a Institut del Teatre (Barcelona, Catalunya) |9 52662 | |
| 901 | |a Arxiu | ||
| 942 | |n 1 |2 udc | ||
| 952 | |0 0 |1 0 |4 0 |6 L1218 |7 1 |9 43950 |a Arxiu |b Arxiu |d 2016-12-01 |l 0 |o L-1-218 |p 2112 |r 2016-12-01 00:00:00 |w 2016-12-01 |y ARXIU | ||
| 999 | |c 46530 |d 46530 | ||